00819nam a2200193Ia 4500001000700000003000500007008004100012010001100053040000900064100002700073245018100100260004200281300001800323440003300341500000500374503000500379650021600384650002500600Z_4425CHAP220113s1986 xx 000 0 und d a167495 cCHAP aFimbres Moreno, Raúl aGuía para producir cebada y avena forrajeras bajo temporal en la Costa de Ensenada /cpor Raúl Fimbres Moreno, Juan Antonio Chávez Durón y Gerardo Martínez Carrillo aEnsenada, B.C. :bINIA. CIANO,c1986 a12 p. ; ilus. aFolleto para productores ; 3 a a aAvena como forraje I. t. II. Chávez Durón, Juan Antonio III. Martínez Carrillo, Gerardo IV. Instituto Nacional de Investigaciones Agrícolas (México). Centro de Investigaciones Agrícolas del Noroeste aCebada como forraje